| 000 | 00000nas 2200000zi 4500 |
| 001 | 9.944336 |
| 003 | CaOODSP |
| 005 | 20250131151512 |
| 006 | m o d f |
| 007 | cr cn |||||||| |
| 008 | 241022c20259999qucar p o f0###a0eng|d |
| 022 | |a2818-7814 |
| 040 | |aCaOODSP|beng|erda|cCaOODSP |
| 043 | |an-cn--- |
| 086 | 1 |aEm9-19E-PDF |
| 222 | 2|aA performance indicator framework for accessibility data. Procurement of goods, services and facilities |
| 245 | 02|aA performance indicator framework for accessibility data. |pProcurement of goods, services and facilities. |
| 246 | 30|aProcurement of goods, services and facilities |
| 264 | 1|a[Gatineau, Quebec] : |bEmployment and Social Development Canada = Emploi et développement social Canada, |c[2025]- |
| 310 | |aAnnual |
| 336 | |atext|btxt|2rdacontent |
| 337 | |acomputer|bc|2rdamedia |
| 338 | |aonline resource|bcr|2rdacarrier |
| 362 | 1 |aBegan with: January 29, 2025. |
| 500 | |aIssued also in French under title: Un cadre d'indicateurs de rendement pour les données sur l'accessibilité. L'acquisition de biens, de services et d'installations. |
| 588 | |aDescription based on: January 29, 2025; title from PDF cover page. |
| 588 | |aLatest issue consulted: January 29, 2025. |
| 650 | 0|aPurchasing|zCanada|vPeriodicals. |
| 650 | 0|aBarrier-free design|xGovernment policy|zCanada|xEvaluation|vPeriodicals. |
| 650 | 0|aBarrier-free design|xStandards|zCanada|vPeriodicals. |
| 655 | 7|aPeriodicals|2lcgft |
| 710 | 1 |aCanada. |bEmployment and Social Development Canada, |eissuing body. |
| 775 | 08|tUn cadre d'indicateurs de rendement pour les données sur l'accessibilité. |w(CaOODSP)9.945703 |